| 000 | 00000nas 2200000zi 4500 |
| 001 | 9.931604 |
| 003 | CaOODSP |
| 005 | 20250106095535 |
| 006 | m o d f |
| 007 | cr cn||||||||| |
| 008 | 231219c20239999oncar p o f0###a0eng|d |
| 022 | |a2817-9250 |
| 040 | |aCaOODSP|beng|erda|cCaOODSP |
| 043 | |an-cn---|an-cn-on |
| 086 | 1 |aIu93-10E-PDF |
| 110 | 2 |aFederal Economic Development Agency for Southern Ontario (Canada)|eauthor, |eissuing body. |
| 222 | 0|aAccessibility plan progress report |b(Federal Economic Development Agency for Southern Ontario (Canada)) |
| 245 | 10|aAccessibility plan progress report / |cFederal Economic Development Agency for Southern Ontario. |
| 264 | 1|aWaterloo, Ontario : |bFederal Economic Development Agency for Southern Ontario = Agence fédérale de développement économique pour le sud de l'Ontario, |c[2023]- |
| 310 | |aAnnual |
| 336 | |atext|btxt|2rdacontent |
| 337 | |acomputer|bc|2rdamedia |
| 338 | |aonline resource|bcr|2rdacarrier |
| 362 | 1 |aBegan with: December 2023. |
| 500 | |aIssued also in French under title: Rapport d'étape pour le Plan sur l'accessibilité. |
| 588 | |aDescription based on: December 2023. |
| 588 | |aLatest issue consulted: December 2023. |
| 610 | 20|aFederal Economic Development Agency for Southern Ontario (Canada)|vPeriodicals. |
| 650 | 0|aBarrier-free design|zCanada|xPlanning|vPeriodicals. |
| 650 | 0|aPeople with disabilities|xGovernment policy|zCanada|vPeriodicals. |
| 655 | 7|aPeriodicals|2lcgft |
| 775 | 08|tRapport d'étape pour le Plan sur l'accessibilité / |w(CaOODSP)9.931603 |